[Event "IECC Swiss-489.4"]
[Site "IECC email"]
[Date "2006.03.02"]
[Round "?"]
[White "Magalhaes, Joao Flavio"]
[Black "Agnew, George"]
[Result "1-0"]
[WhiteElo "1503"]
[BlackElo "1039"]
[PlyCount "56"]
[EventDate "2006.??.??"]
[EventType "swiss (corr)"]
[EventRounds "1"]
[SourceTitle "Corr 2020"]
[Source "ChessBase"]
[SourceDate "2019.09.30"]
[SourceVersion "1"]
[SourceVersionDate "2019.09.30"]
[SourceQuality "1"]
[WhiteTeam "Brazil"]
[BlackTeam "United States"]
[WhiteTeamCountry "BRA"]
[BlackTeamCountry "USA"]

1. e4 e5 2. Bc4 Nf6 3. d3 c6 4. Qe2 a5 5. a3 b5 6. Ba2 Bc5 7. Nf3 d6 8. 0-0 0-0 9. Nc3 Bg4 10. Be3 Bxe3 11. fxe3 Nbd7 12. Qe1 Qb6 13. b4 c5 14. Nd5 Nxd5 15. Bxd5 Ra7 16. Ng5 Nf6 17. Bxf7+ Rfxf7 18. Nxf7 Kxf7 19. Qh4 h6 20. bxa5 Rxa5 21. Qxg4 Qa7 22. Qh5+ Kg8 23. Qg6 Qe7 24. Rab1 Nh7 25. c4 bxc4 26. Rb8+ Nf8 27. Rfxf8+ Qxf8 28. Qe6+ Kh7 1-0

[Event "P-3976"]
[Site "IECC email"]
[Date "2005.07.15"]
[Round "?"]
[White "Hulse, David"]
[Black "Magalhaes, Joao Flavio"]
[Result "0-1"]
[WhiteElo "1072"]
[BlackElo "1535"]
[PlyCount "28"]
[EventDate "2005.??.??"]
[EventType "tourn (corr)"]
[SourceTitle "Corr 2020"]
[Source "ChessBase"]
[SourceDate "2019.09.30"]
[SourceVersion "1"]
[SourceVersionDate "2019.09.30"]
[SourceQuality "1"]
[WhiteTeam "England"]
[BlackTeam "Brazil"]
[WhiteTeamCountry "ENG"]
[BlackTeamCountry "BRA"]

1. c4 e5 2. Nc3 Nf6 3. g3 c6 4. Bg2 d5 5. cxd5 cxd5 6. a3 Nc6 7. e3 d4 8. Bxc6+ bxc6 9. Nce2 Qd5 10. f3 Bd6 11. e4 Nxe4 12. fxe4 Qxe4 13. Qa4 Qxh1 14. Qxc6+ Qxc6 0-1

[Event "IECC CL5-2004.28 email"]
[Site "IECC email"]
[Date "2004.11.30"]
[Round "?"]
[White "MacDonald, Weldon"]
[Black "Magalhaes, Joao Flavio"]
[Result "1/2-1/2"]
[WhiteElo "1569"]
[BlackElo "1530"]
[PlyCount "118"]
[EventDate "2004.??.??"]
[EventType "tourn (corr)"]
[EventRounds "4"]
[SourceTitle "Corr 2008"]
[Source "ChessBase"]
[SourceDate "2008.06.24"]
[SourceVersion "1"]
[SourceVersionDate "2008.06.24"]
[SourceQuality "1"]

1. e4 e5 2. Nf3 Nc6 3. Bb5 a6 4. Ba4 Nf6 5. 0-0 Nxe4 6. d4 exd4 7. Re1 d5 8. Nxd4 Bd6 9. Nxc6 Bxh2+ 10. Kh1 Qh4 11. Rxe4+ dxe4 12. Qd8+ Qxd8 13. Nxd8+ Kxd8 14. Kxh2 Bd7 15. Bb3 f6 16. Nc3 Re8 17. Be3 Kc8 18. Rh1 a5 19. Kg3 h6 20. Bf7 Rf8 21. Bg6 f5 22. Nd5 Ra6 23. Kf4 Be6 24. Ne7+ Kd7 25. Bc5 Rf6 26. Bh7 b6 27. Ba3 c5 28. Ng6 Ra8 29. b3 Bg8 30. Bxg8 Rxg8 31. Ne5+ Kc7 32. Bb2 Re8 33. Ke3 Rfe6 34. Kf4 Rf8 35. g3 b5 36. a4 g5+ 37. Ke3 f4+ 38. gxf4 bxa4 39. fxg5 a3 40. Bc3 hxg5 41. Ra1 Rh8 42. Bxa5+ Kb7 43. Kxe4 Rhe8 44. Bc3 Rf6 45. f3 Rf4+ 46. Kd5 Rd8+ 47. Ke6 Ra8 48. Ra2 Ra6+ 49. Kd5 Kb6 50. Nc4+ Kb7 51. Kxc5 Rxf3 52. Bd4 g4 53. Kb5 Rf5+ 54. Kb4 g3 55. c3 Rf4 56. Nxa3 Rb6+ 57. Kc4 Ra6 58. b4 g2 59. Rxg2 Ra4 1/2-1/2

[Event "P-3769"]
[Site "IECC email"]
[Date "2004.09.25"]
[Round "?"]
[White "Magalhaes, Joao Flavio"]
[Black "Ondo, Bob"]
[Result "1/2-1/2"]
[WhiteElo "1509"]
[BlackElo "2083"]
[PlyCount "71"]
[EventDate "2004.??.??"]
[EventType "tourn (corr)"]
[SourceTitle "Corr 2020"]
[Source "ChessBase"]
[SourceDate "2019.09.30"]
[SourceVersion "1"]
[SourceVersionDate "2019.09.30"]
[SourceQuality "1"]
[WhiteTeam "Brazil"]
[BlackTeam "United States"]
[WhiteTeamCountry "BRA"]
[BlackTeamCountry "USA"]

1. e4 c5 2. Nf3 Nc6 3. d4 cxd4 4. Nxd4 Nf6 5. Nc3 e5 6. Nxc6 bxc6 7. Bc4 Bb4 8. Bg5 h6 9. Bxf6 Bxc3+ 10. bxc3 Qxf6 11. 0-0 Rb8 12. f4 0-0 13. Qd2 d6 14. Rad1 Be6 15. Bb3 Rfd8 16. f5 Bc8 17. Rf3 Ba6 18. Rg3 Kf8 19. c4 c5 20. Qd3 Rb6 21. Qe2 Bb7 22. c3 Bc6 23. Rd2 Ke7 24. Bc2 Rb2 25. Bd3 Rxd2 26. Qxd2 Rb8 27. Rg4 a5 28. Qc1 h5 29. Rg3 Qh6 30. Qxh6 gxh6 31. Rf3 a4 32. Rf2 h4 33. Kf1 a3 34. Rd2 Rb2 35. Re2 Kf6 36. Kf2 1/2-1/2

[Event "IECC KO-2050"]
[Site "IECC email"]
[Date "2004.09.20"]
[Round "?"]
[White "Chowdhury, Mizan"]
[Black "Magalhaes, Joao Flavio"]
[Result "0-1"]
[WhiteElo "1382"]
[BlackElo "1509"]
[PlyCount "30"]
[EventDate "2003.??.??"]
[EventType "match (corr)"]
[EventRounds "2"]
[SourceTitle "Corr 2020"]
[Source "ChessBase"]
[SourceDate "2019.09.30"]
[SourceVersion "1"]
[SourceVersionDate "2019.09.30"]
[SourceQuality "1"]
[WhiteTeam "England"]
[BlackTeam "Brazil"]
[WhiteTeamCountry "ENG"]
[BlackTeamCountry "BRA"]

1. e4 c5 2. Bc4 Nc6 3. Qh5 e6 4. c3 Nf6 5. Qh4 Be7 6. d3 d5 7. exd5 exd5 8. Bb5 Ng4 9. Qg3 Bh4 10. Qf3 Nxf2 11. g3 Nxh1 12. Qxh1 Bg5 13. Bxg5 Qxg5 14. Bxc6+ bxc6 15. Nd2 Qe3+ 0-1

[Event "IECC KO-2050"]
[Site "IECC email"]
[Date "2004.09.20"]
[Round "?"]
[White "Magalhaes, Joao Flavio"]
[Black "Chowdhury, Mizan"]
[Result "1-0"]
[WhiteElo "1498"]
[BlackElo "1393"]
[PlyCount "29"]
[EventDate "2003.??.??"]
[EventType "match (corr)"]
[EventRounds "2"]
[SourceTitle "Corr 2020"]
[Source "ChessBase"]
[SourceDate "2019.09.30"]
[SourceVersion "1"]
[SourceVersionDate "2019.09.30"]
[SourceQuality "1"]
[WhiteTeam "Brazil"]
[BlackTeam "England"]
[WhiteTeamCountry "BRA"]
[BlackTeamCountry "ENG"]

1. e4 e5 2. Nf3 Qf6 3. Nc3 c6 4. d4 exd4 5. Bg5 Qg6 6. Qxd4 b6 7. Bd3 Bc5 8. Qe5+ Be7 9. Bxe7 Nxe7 10. 0-0 d6 11. Qf4 0-0 12. e5 dxe5 13. Nxe5 Qd6 14. Ne4 Qb4 15. Nf6+ 1-0

[Event "IECC Swiss-489.1"]
[Site "IECC email"]
[Date "2004.08.30"]
[Round "?"]
[White "Magalhaes, Joao Flavio"]
[Black "Wosch, Andy"]
[Result "0-1"]
[WhiteElo "1520"]
[BlackElo "2305"]
[PlyCount "66"]
[EventDate "2004.??.??"]
[EventType "swiss (corr)"]
[EventRounds "1"]
[SourceTitle "Corr 2020"]
[Source "ChessBase"]
[SourceDate "2019.09.30"]
[SourceVersion "1"]
[SourceVersionDate "2019.09.30"]
[SourceQuality "1"]
[WhiteTeam "Brazil"]
[BlackTeam "Germany"]
[WhiteTeamCountry "BRA"]
[BlackTeamCountry "GER"]

1. e4 e5 2. Bc4 Nf6 3. d3 Nc6 4. Nf3 Be7 5. Nc3 d6 6. h3 Na5 7. 0-0 0-0 8. Be3 c6 9. Bb3 d5 10. exd5 Nxb3 11. axb3 cxd5 12. Bxa7 d4 13. Ne4 Nd7 14. Qe2 b6 15. Ra4 Bb7 16. Rfa1 Qc7 17. Ne1 f5 18. Nd2 Rae8 19. Ndf3 Bc6 20. Ra6 Bb4 21. c4 dxc3 22. bxc3 Bxc3 23. Rc1 Bb5 24. Raa1 e4 25. Qc2 Rc8 26. b4 exf3 27. Ra3 Bxe1 28. Qb3+ Kh8 29. Rxc7 Rxc7 30. gxf3 Rc6 31. Qd5 Rg6+ 32. Kf1 Bc6 33. Qd4 Re8 0-1

[Event "P-3739"]
[Site "IECC email"]
[Date "2004.07.27"]
[Round "?"]
[White "MacDonald, Weldon"]
[Black "Magalhaes, Joao Flavio"]
[Result "1-0"]
[WhiteElo "1507"]
[BlackElo "1531"]
[PlyCount "87"]
[EventDate "2004.??.??"]
[EventType "tourn (corr)"]
[SourceTitle "Corr 2020"]
[Source "ChessBase"]
[SourceDate "2019.09.30"]
[SourceVersion "1"]
[SourceVersionDate "2019.09.30"]
[SourceQuality "1"]
[WhiteTeam "United States"]
[BlackTeam "Brazil"]
[WhiteTeamCountry "USA"]
[BlackTeamCountry "BRA"]

1. e4 c5 2. Nf3 d6 3. d4 cxd4 4. Nxd4 e5 5. Nb3 Nf6 6. Nc3 Be7 7. Bg5 0-0 8. Qd2 Nc6 9. 0-0-0 Qb6 10. Bxf6 Bxf6 11. Nd5 Qd8 12. Nxf6+ Qxf6 13. Qxd6 Qxf2 14. Bb5 Qf4+ 15. Qd2 Qxe4 16. Rhe1 Qh4 17. g3 Qh6 18. Qxh6 gxh6 19. Bxc6 bxc6 20. Rxe5 Bg4 21. Rd4 Bf3 22. Rf4 Bd5 23. c4 Be6 24. Nc5 Rae8 25. Nxe6 fxe6 26. Rxf8+ Kxf8 27. b4 Kf7 28. b5 Kf6 29. Rc5 cxb5 30. cxb5 e5 31. Kd2 Re7 32. Ke3 Kf5 33. a4 h5 34. Rc4 h6 35. a5 e4 36. b6 axb6 37. axb6 Rb7 38. Rc5+ Kg4 39. Rb5 h4 40. gxh4 Kxh4 41. Rb2 h5 42. Kxe4 Kg4 43. Kd5 Kh3 44. Kc6 1-0

[Event "IECC CL5-2004.19 email"]
[Site "IECC email"]
[Date "2004.07.27"]
[Round "?"]
[White "Van Alphen, John"]
[Black "Magalhaes, Joao Flavio"]
[Result "1-0"]
[WhiteElo "1544"]
[BlackElo "1519"]
[PlyCount "65"]
[EventDate "2004.??.??"]
[EventType "tourn (corr)"]
[EventRounds "4"]
[SourceTitle "Corr 2008"]
[Source "ChessBase"]
[SourceDate "2008.06.24"]
[SourceVersion "1"]
[SourceVersionDate "2008.06.24"]
[SourceQuality "1"]

1. e4 c5 2. Nf3 Nc6 3. Nc3 a6 4. d4 cxd4 5. Nxd4 Nxd4 6. Qxd4 e6 7. Be2 Ne7 8. 0-0 Nc6 9. Qe3 Be7 10. Qg3 0-0 11. Bh6 Bf6 12. Rad1 Nd4 13. Bd3 Qb6 14. Rfe1 e5 15. Nd5 Qd8 16. Bc4 Kh8 17. Nxf6 Qxf6 18. Bg5 Qb6 19. Qxe5 Nc6 20. Qd6 Kg8 21. b3 Qa5 22. Qg3 g6 23. Bf6 Nd8 24. a4 Ne6 25. e5 h5 26. Re4 Kh7 27. Rh4 Ng7 28. Qg5 d6 29. Bxg7 Kxg7 30. Qf6+ Kh6 31. Qf4+ Kg7 32. Qf6+ Kh6 33. Bxf7 1-0

[Event "IECC Swiss-477.2"]
[Site "IECC email"]
[Date "2004.06.08"]
[Round "?"]
[White "Magalhaes, Joao Flavio"]
[Black "Harper, Roy"]
[Result "0-1"]
[WhiteElo "1515"]
[BlackElo "1359"]
[PlyCount "48"]
[EventDate "2004.??.??"]
[EventType "swiss (corr)"]
[EventRounds "1"]
[SourceTitle "Corr 2020"]
[Source "ChessBase"]
[SourceDate "2019.09.30"]
[SourceVersion "1"]
[SourceVersionDate "2019.09.30"]
[SourceQuality "1"]
[WhiteTeam "Brazil"]
[BlackTeam "United States"]
[WhiteTeamCountry "BRA"]
[BlackTeamCountry "USA"]

1. e4 e5 2. Nf3 Nc6 3. Bb5 Nf6 4. Nc3 a6 5. Bxc6 dxc6 6. Nxe5 Bd6 7. Nc4 Bb4 8. d3 Be6 9. e5 Ne4 10. Bd2 Nxd2 11. Qxd2 Bxc4 12. dxc4 Qxd2+ 13. Kxd2 0-0-0+ 14. Ke1 Rhe8 15. f4 Rd4 16. g3 f6 17. Kf1 fxe5 18. Ne2 Rd2 19. Rc1 exf4 20. Nxf4 Bc5 21. Nh3 g5 22. b4 Bxb4 23. Nf2 Rf8 24. c3 Ba3 0-1

[Event "IECC Swiss-467.3"]
[Site "IECC email"]
[Date "2004.05.17"]
[Round "?"]
[White "Hasidume, Shuji"]
[Black "Magalhaes, Joao Flavio"]
[Result "1-0"]
[WhiteElo "1558"]
[BlackElo "1533"]
[PlyCount "41"]
[EventDate "2004.??.??"]
[EventType "swiss (corr)"]
[EventRounds "1"]
[SourceTitle "Corr 2020"]
[Source "ChessBase"]
[SourceDate "2019.09.30"]
[SourceVersion "1"]
[SourceVersionDate "2019.09.30"]
[SourceQuality "1"]
[WhiteTeam "Japan"]
[BlackTeam "Brazil"]
[WhiteTeamCountry "JPN"]
[BlackTeamCountry "BRA"]

1. e4 e5 2. Nf3 Nc6 3. d4 exd4 4. Nxd4 Bc5 5. Be3 Qf6 6. c3 Nge7 7. Be2 Bxd4 8. cxd4 Qg6 9. 0-0 Qxe4 10. Nc3 Qf5 11. d5 Ne5 12. Nb5 b6 13. Nxc7+ Kd8 14. Nxa8 Qe4 15. Qd4 Qxd5 16. Qc3 Qxa8 17. Qxe5 f6 18. Qd6 Nf5 19. Bxb6+ axb6 20. Qxb6+ Ke7 21. Bc4 1-0

[Event "IECC CL5-2004.13 email"]
[Site "IECC email"]
[Date "2004.04.24"]
[Round "?"]
[White "Van Alphen, John"]
[Black "Magalhaes, Joao Flavio"]
[Result "1-0"]
[WhiteElo "1519"]
[BlackElo "1550"]
[PlyCount "71"]
[EventDate "2004.??.??"]
[EventType "tourn (corr)"]
[EventRounds "4"]
[SourceTitle "Corr 2008"]
[Source "ChessBase"]
[SourceDate "2008.06.24"]
[SourceVersion "1"]
[SourceVersionDate "2008.06.24"]
[SourceQuality "1"]

1. e4 e5 2. Nf3 Nc6 3. Bc4 Bc5 4. 0-0 Nf6 5. d3 0-0 6. Nc3 d6 7. Bg5 Be6 8. Nd5 Bxd5 9. Bxd5 Qd7 10. Bxf6 gxf6 11. Bxc6 bxc6 12. d4 exd4 13. Nxd4 Rfe8 14. Nf5 Kh8 15. Qg4 Rg8 16. Qh4 Qe6 17. Rad1 Rg5 18. Rd3 d5 19. Rh3 h5 20. Ng3 Kg8 21. Nxh5 Kf8 22. exd5 cxd5 23. Nf4 Qf5 24. Re1 Rb8 25. Qh8+ Rg8 26. Qh6+ Rg7 27. Rh5 Qg4 28. Qh8+ Rg8 29. Qxf6 Re8 30. Qh6+ Qg7 31. Rxe8+ Kxe8 32. Qc6+ Kd8 33. Qxc5 Qxb2 34. Rxd5+ Kc8 35. Rd1 Kb8 36. g3 1-0

[Event "IECC CL4-2004.05 email"]
[Site "IECC email"]
[Date "2004.03.13"]
[Round "?"]
[White "Corthals, Ivo"]
[Black "Magalhaes, Joao Flavio"]
[Result "1-0"]
[WhiteElo "1625"]
[BlackElo "1531"]
[PlyCount "63"]
[EventDate "2004.??.??"]
[EventType "tourn (corr)"]
[EventRounds "4"]
[SourceTitle "Corr 2008"]
[Source "ChessBase"]
[SourceDate "2008.06.24"]
[SourceVersion "1"]
[SourceVersionDate "2008.06.24"]
[SourceQuality "1"]

1. d4 Nf6 2. c4 g6 3. Nc3 d5 4. Nf3 Bg7 5. Qb3 dxc4 6. Qxc4 0-0 7. e4 Na6 8. Be2 c5 9. d5 e6 10. 0-0 exd5 11. exd5 Bf5 12. Be3 Ng4 13. Bf4 Re8 14. d6 h6 15. Rfe1 Nb4 16. h3 Nf6 17. Rad1 Nd7 18. Bf1 Be6 19. Qe4 Rb8 20. a3 Bxc3 21. bxc3 f5 22. Qxe6+ Rxe6 23. Rxe6 Nc2 24. Bc4 Nxa3 25. Re8+ Kg7 26. Rxd8 Rxd8 27. Bf1 a6 28. Re1 g5 29. Re7+ Kg8 30. Bc1 Nb5 31. Bc4+ Kf8 32. Bxb5 1-0

[Event "IECC KO-2040"]
[Site "IECC email"]
[Date "2004.03.10"]
[Round "?"]
[White "Magalhaes, Joao Flavio"]
[Black "McNally, David"]
[Result "1/2-1/2"]
[WhiteElo "1512"]
[BlackElo "1583"]
[PlyCount "126"]
[EventDate "2003.??.??"]
[EventType "match (corr)"]
[EventRounds "2"]
[SourceTitle "Corr 2020"]
[Source "ChessBase"]
[SourceDate "2019.09.30"]
[SourceVersion "1"]
[SourceVersionDate "2019.09.30"]
[SourceQuality "1"]
[WhiteTeam "Brazil"]
[BlackTeam "England"]
[WhiteTeamCountry "BRA"]
[BlackTeamCountry "ENG"]

1. e4 e6 2. d4 d5 3. e5 c5 4. c3 Qb6 5. Nf3 Bd7 6. Be2 Bb5 7. Bxb5+ Qxb5 8. a4 Qa6 9. Na3 Nd7 10. Nb5 Qb6 11. 0-0 a6 12. dxc5 Bxc5 13. Nbd4 Ne7 14. a5 Qc7 15. Re1 Ng6 16. Qe2 Ba7 17. g3 0-0 18. h4 Bb8 19. Bf4 Nxf4 20. gxf4 Re8 21. Kh1 Ba7 22. Rg1 Rac8 23. h5 Qd8 24. h6 g6 25. Ra2 Bxd4 26. cxd4 Rc4 27. Qe3 Qc7 28. Ng5 b6 29. b3 Rc3 30. axb6 Nxb6 31. Qe1 Rxb3 32. Rxa6 Rb2 33. Qc1 Nc4 34. Qa1 Reb8 35. Ra7 R2b7 36. Rxb7 Qxb7 37. Rc1 Ra8 38. Qb1 Qe7 39. Kg2 Qf8 40. Qb7 Rb8 41. Qa7 Rc8 42. Ra1 Nd2 43. Ra2 Ne4 44. Nxe4 dxe4 45. Qb7 Rd8 46. Qxe4 Qxh6 47. Ra7 Qh4 48. f3 Kg7 49. Ra4 Rb8 50. Ra2 Rb4 51. Kg1 Rc4 52. Qe3 Qd8 53. Rh2 Rxd4 54. Kf1 Rd3 55. Qe4 h5 56. Kg2 Rd2+ 57. Kh3 Rxh2+ 58. Kxh2 Qd1 59. Qe3 Qf1 60. Kg3 Qb1 61. Kh2 Qb2+ 62. Kg3 Qa1 63. Kg2 Qa2+ 1/2-1/2

[Event "IECC KO-2054"]
[Site "IECC email"]
[Date "2004.02.23"]
[Round "?"]
[White "Magalhaes, Joao Flavio"]
[Black "Ranson, James"]
[Result "1/2-1/2"]
[WhiteElo "1519"]
[BlackElo "1374"]
[PlyCount "92"]
[EventDate "2004.??.??"]
[EventType "match (corr)"]
[EventRounds "2"]
[SourceTitle "Corr 2020"]
[Source "ChessBase"]
[SourceDate "2019.09.30"]
[SourceVersion "1"]
[SourceVersionDate "2019.09.30"]
[SourceQuality "1"]
[WhiteTeam "Brazil"]
[BlackTeam "Canada"]
[WhiteTeamCountry "BRA"]
[BlackTeamCountry "CAN"]

1. e4 e5 2. Nf3 Nc6 3. Bb5 a6 4. Ba4 d6 5. 0-0 Bd7 6. d4 Nge7 7. d5 Na7 8. Bxd7+ Qxd7 9. Nc3 Ng6 10. Ne2 Be7 11. Ng3 Nc8 12. c4 Bf6 13. Qb3 c5 14. Nf5 0-0 15. g4 b5 16. cxb5 axb5 17. Rd1 Bd8 18. Qc3 b4 19. Qc4 Nge7 20. a3 Qa4 21. b3 Qa6 22. Qc2 Nxf5 23. gxf5 Nb6 24. Bb2 bxa3 25. Rxa3 Qb7 26. Rxa8 Nxa8 27. Nd2 Nb6 28. Rb1 Bc7 29. f4 f6 30. Nc4 Nxc4 31. bxc4 Rb8 32. fxe5 fxe5 33. Kf2 Bd8 34. Ke1 Qb4+ 35. Ke2 Bg5 36. Qd3 Bf4 37. Bxe5 Qxb1 38. Qxb1 Rxb1 39. Bxf4 Rb6 40. Kd3 Kf7 41. e5 dxe5 42. Bxe5 g6 43. fxg6+ hxg6 44. Bc7 Rb3+ 45. Kd2 Ke7 46. Be5 Rf3 1/2-1/2

[Event "IECC CL4-2003.28 email"]
[Site "IECC email"]
[Date "2003.12.28"]
[Round "?"]
[White "Magalhaes, Joao Flavio"]
[Black "Slavin, Pablo"]
[Result "1-0"]
[WhiteElo "1531"]
[BlackElo "1581"]
[PlyCount "35"]
[EventDate "2003.??.??"]
[EventType "tourn (corr)"]
[EventRounds "4"]
[SourceTitle "Corr 2008"]
[Source "ChessBase"]
[SourceDate "2008.06.24"]
[SourceVersion "1"]
[SourceVersionDate "2008.06.24"]
[SourceQuality "1"]

1. e4 e5 2. Nf3 Nc6 3. d4 exd4 4. e5 Qe7 5. Be2 Nxe5 6. Nxd4 d6 7. Nc3 Nf6 8. 0-0 c5 9. Bb5+ Bd7 10. Nf5 Qe6 11. f4 Bxb5 12. Nxb5 Qxf5 13. Nc7+ Kd7 14. fxe5 Qxe5 15. Nxa8 Be7 16. Re1 Ne4 17. c3 Rxa8 18. Qa4+ 1-0

[Event "IECC CL5-2003.23 email"]
[Site "IECC email"]
[Date "2003.10.28"]
[Round "?"]
[White "Magalhaes, Joao Flavio"]
[Black "Klawitter, Bernd"]
[Result "1/2-1/2"]
[WhiteElo "1526"]
[BlackElo "1491"]
[PlyCount "67"]
[EventDate "2003.??.??"]
[EventType "tourn (corr)"]
[EventRounds "4"]
[SourceTitle "Corr 2008"]
[Source "ChessBase"]
[SourceDate "2008.06.24"]
[SourceVersion "1"]
[SourceVersionDate "2008.06.24"]
[SourceQuality "1"]

1. e4 e6 2. d4 d5 3. Nc3 Nf6 4. Bg5 Be7 5. e5 Nfd7 6. Bxe7 Qxe7 7. Nf3 a6 8. Bd3 c5 9. dxc5 Nc6 10. 0-0 Nxc5 11. Qd2 Bd7 12. Rae1 Nxd3 13. cxd3 0-0 14. d4 Rac8 15. Re2 Nb8 16. Rc1 b5 17. Ree1 b4 18. Ne2 Bb5 19. Nf4 Qd7 20. Rxc8 Rxc8 21. Qxb4 Rc4 22. Qd2 Qc7 23. Ne2 Rc2 24. Qxc2 Qxc2 25. Rc1 Qxc1+ 26. Nxc1 Nc6 27. a3 f6 28. exf6 gxf6 29. Na2 Bc4 30. Nb4 Nxb4 31. axb4 Kf7 32. Nd2 Bb5 33. f4 h5 34. Nb3 1/2-1/2

[Event "IECC CL5-2003.23 email"]
[Site "IECC email"]
[Date "2003.10.28"]
[Round "?"]
[White "Vodanovic, Boris"]
[Black "Magalhaes, Joao Flavio"]
[Result "0-1"]
[WhiteElo "1497"]
[BlackElo "1508"]
[PlyCount "70"]
[EventDate "2003.??.??"]
[EventType "tourn (corr)"]
[EventRounds "4"]
[SourceTitle "Corr 2008"]
[Source "ChessBase"]
[SourceDate "2008.06.24"]
[SourceVersion "1"]
[SourceVersionDate "2008.06.24"]
[SourceQuality "1"]

1. e4 Nf6 2. e5 Nd5 3. d4 d6 4. Nf3 Bg4 5. Be2 e6 6. 0-0 Be7 7. c4 Nb6 8. b3 dxe5 9. dxe5 Nc6 10. Bb2 0-0 11. Qc2 Bf5 12. Qd1 Nd7 13. Nbd2 Bb4 14. a3 Bxd2 15. Qxd2 Ndxe5 16. Qc3 Nxf3+ 17. Bxf3 Qg5 18. Bxc6 bxc6 19. f4 Qg4 20. Rf3 f6 21. Re1 Qh5 22. Rg3 Rad8 23. Qa5 Rd1 24. Rge3 Rb8 25. Qc3 Rbd8 26. Rxd1 Rxd1+ 27. Re1 Qe2 28. Rxd1 Qxd1+ 29. Kf2 Be4 30. b4 Bd3 31. Ke3 Qe2+ 32. Kd4 e5+ 33. fxe5 fxe5+ 34. Kc5 Qf2+ 35. Kxc6 Qb6+ 0-1

[Event "IECC Swiss email"]
[Site "IECC email"]
[Date "2003.05.24"]
[Round "?"]
[White "Greene, Seymour"]
[Black "Magalhaes, Joao Flavio"]
[Result "1-0"]
[WhiteElo "1031"]
[BlackElo "1452"]
[PlyCount "57"]
[EventDate "2003.??.??"]
[EventType "tourn (corr)"]
[EventRounds "6"]
[SourceTitle "Corr 2008"]
[Source "ChessBase"]
[SourceDate "2008.06.24"]
[SourceVersion "1"]
[SourceVersionDate "2008.06.24"]
[SourceQuality "1"]

1. c4 e5 2. Nc3 Nf6 3. Nf3 Nc6 4. g3 Bc5 5. Nxe5 Nxe5 6. d4 Nxc4 7. dxc5 0-0 8. e4 Na5 9. Bf4 Re8 10. Bg2 c6 11. 0-0 h6 12. e5 Nh7 13. Qd3 b6 14. b4 Nb7 15. cxb6 axb6 16. Rfe1 Ng5 17. Be3 Ra3 18. Rad1 Ne6 19. f4 c5 20. Qc4 Qe7 21. Nb5 Ra4 22. a3 cxb4 23. f5 Nec5 24. axb4 Na6 25. Bd2 Rd8 26. f6 Qe6 27. Bd5 Na5 28. Qh4 Qxd5 29. fxg7 1-0

[Event "IECC Swiss email"]
[Site "IECC email"]
[Date "2003.03.30"]
[Round "?"]
[White "Magalhaes, Joao Flavio"]
[Black "Shchebenyuk, Mikhail Pavlovich"]
[Result "0-1"]
[WhiteElo "1417"]
[BlackElo "2032"]
[PlyCount "92"]
[EventDate "2003.??.??"]
[EventType "tourn (corr)"]
[EventRounds "6"]
[SourceTitle "Corr 2008"]
[Source "ChessBase"]
[SourceDate "2008.06.24"]
[SourceVersion "1"]
[SourceVersionDate "2008.06.24"]
[SourceQuality "1"]

1. e4 c5 2. Nf3 Nc6 3. d4 cxd4 4. Nxd4 Nf6 5. Nc3 d6 6. Bc4 Qb6 7. Ndb5 a6 8. Be3 Qa5 9. Nd4 Ne5 10. Bd3 Neg4 11. 0-0 Nxe3 12. fxe3 Bg4 13. Be2 Bd7 14. Qd3 e6 15. Nb3 Qc7 16. Rad1 b5 17. Nd4 Rc8 18. g4 Qc5 19. Rd2 h5 20. gxh5 Qg5+ 21. Kh1 Nxh5 22. Bxh5 Qxh5 23. Rg2 b4 24. Nce2 Qa5 25. Qb3 Ba4 26. Qd3 Qb6 27. b3 Bd7 28. Rgf2 Be7 29. Rxf7 Bf6 30. R7xf6 gxf6 31. Rxf6 Qa5 32. Qd2 Qe5 33. Rf4 a5 34. Ng3 Ke7 35. Qg2 Rcg8 36. h3 Rg7 37. Qh2 Rhg8 38. Nf1 Qh5 39. Rf2 Bc8 40. Rf3 Bb7 41. Nd2 Qh4 42. Qf2 Rg3 43. Qf1 Ba6 44. Nc4 Bxc4 45. bxc4 Rh8 46. Rxg3 Qxg3 0-1

[Event "IECC KO email"]
[Site "IECC email"]
[Date "2003.02.27"]
[Round "?"]
[White "Magalhaes, Joao Flavio"]
[Black "Ralls, Richard Nelson"]
[Result "0-1"]
[WhiteElo "1423"]
[BlackElo "2069"]
[PlyCount "82"]
[EventDate "2003.??.??"]
[EventType "tourn (corr)"]
[EventRounds "6"]
[SourceTitle "Corr 2008"]
[Source "ChessBase"]
[SourceDate "2008.06.24"]
[SourceVersion "1"]
[SourceVersionDate "2008.06.24"]
[SourceQuality "1"]

1. e4 c5 2. Nf3 Nc6 3. Bb5 g6 4. 0-0 Bg7 5. c3 Nf6 6. d3 0-0 7. Bxc6 dxc6 8. Na3 Qc7 9. g3 Ng4 10. Nc4 b5 11. Ne3 Rd8 12. Qe2 a5 13. Rd1 e5 14. Ng5 Nxe3 15. Bxe3 f6 16. Nf3 Qe7 17. Kg2 a4 18. Nd2 Be6 19. f4 exf4 20. gxf4 c4 21. d4 a3 22. bxa3 Rxa3 23. Rdc1 Re8 24. Kf2 f5 25. e5 Qh4+ 26. Kg1 Bd5 27. Nb1 Ra4 28. Rd1 g5 29. Rf1 Qh3 30. Bc1 Re6 31. fxg5 Bxe5 32. dxe5 Rxe5 33. Qf2 Re4 34. Qxf5 Rg4+ 35. Kf2 Qg2+ 36. Ke1 Re4+ 37. Qxe4 Qxe4+ 38. Kd1 Qd3+ 39. Ke1 Ra8 40. Nd2 Re8+ 41. Kd1 b4 0-1

[Event "IECC CL5-2003.05 email"]
[Site "IECC email"]
[Date "2003.02.21"]
[Round "?"]
[White "Magalhaes, Joao Flavio"]
[Black "Johnson, Bernard S"]
[Result "0-1"]
[WhiteElo "1464"]
[BlackElo "1510"]
[PlyCount "134"]
[EventDate "2003.??.??"]
[EventType "tourn (corr)"]
[EventRounds "4"]
[SourceTitle "Corr 2008"]
[Source "ChessBase"]
[SourceDate "2008.06.24"]
[SourceVersion "1"]
[SourceVersionDate "2008.06.24"]
[SourceQuality "1"]

1. Nf3 Nf6 2. c4 g6 3. d4 Bg7 4. Nc3 0-0 5. e4 d6 6. Be2 e5 7. dxe5 dxe5 8. 0-0 Qe7 9. Nd5 Nxd5 10. cxd5 c6 11. d6 Qe6 12. Ng5 Qf6 13. Qd2 Rd8 14. Rd1 Bf8 15. Bc4 Rxd6 16. Qe2 Rxd1+ 17. Qxd1 Bc5 18. Qf3 Qxf3 19. gxf3 Kf8 20. Bxf7 h6 21. Ne6+ Kxf7 22. Nc7 b5 23. Nxa8 Bb7 24. Nc7 Bb6 25. Nxb5 cxb5 26. Bxh6 Nc6 27. Rd1 Nd4 28. Kg2 a5 29. Be3 Ke6 30. Kg3 b4 31. Kg4 Bc6 32. Rd2 a4 33. a3 bxa3 34. bxa3 Bc5 35. h3 Bxa3 36. Bxd4 exd4 37. Rxd4 Bb2 38. Rb4 a3 39. Rb6 Kd6 40. Ra6 Kc5 41. Kf4 Kb5 42. Ra7 Kb6 43. Rxa3 Bxa3 44. Kg5 Be8 45. f4 Be7+ 46. Kg4 Bd7+ 47. f5 Kc5 48. Kf4 gxf5 49. exf5 Kd5 50. f3 Bd8 51. Kg4 Ke5 52. h4 Bxf5+ 53. Kg3 Be6 54. h5 Bg5 55. Kf2 Kf4 56. Ke2 Bd5 57. Kd3 Bxf3 58. Kd4 Bxh5 59. Kc5 Ke5 60. Kc4 Bf3 61. Kd3 Kd5 62. Kc3 Be2 63. Kb3 Kd4 64. Ka3 Kc3 65. Ka4 Bd8 66. Ka3 Bb5 67. Ka2 Kc2 0-1